| 000 | 00438nam a2200157 i 4500 | ||
|---|---|---|---|
| 001 | 62979 | ||
| 003 | ES-MaACL | ||
| 005 | 20230906164748.0 | ||
| 007 | t| | ||
| 008 | 031127s1970 sp ||||1| spa d | ||
| 100 | 1 |
_aFernández-Vaca, Manuel. _950135 |
|
| 245 | 1 | 0 |
_aDe edad humano / _cManuel Fernández-Vaca. |
| 260 |
_a[Madrid : _bs.n., _c1970] ( _fGráf. Salesiana) |
||
| 300 |
_a76 p. ; _c17 cm. |
||
| 852 |
_aES-MaACL _jC-40525 _bR.76411 |
||
| 999 |
_c62979 _d62979 |
||